Normal view
MARC view
- JR., MINES O RICHARD
Entry Personal Name
001 - CONTROL NUMBER
- control field: 90161
003 - CONTROL NUMBER IDENTIFIER
- control field: NUST
005 - DATE AND TIME OF LATEST TRANSACTION
- control field: 20220302125050.0
008 - FIXED-LENGTH DATA ELEMENTS
- fixed length control field: 220302|| aca||aabn | a|a d
040 ## - CATALOGING SOURCE
- Original cataloging agency: NUST
- Transcribing agency: NUST
100 ## - HEADING--PERSONAL NAME
- Personal name: JR., MINES O RICHARD
670 ## - SOURCE DATA FOUND
- Source citation: Work cat.: (NUST): JR., MINES O RICHARD. , ENVIRONMENTAL ENGINEERING PRINCIPALES AND PRACTICE /, 2014.
